000 00509nam a2200169 i 4500
001 80751
003 ES-MaACL
005 20230906174305.0
007 t|
008 041029s1912 fr ||||1| fre d
100 1 _aHoupin, C.
_964334
245 1 0 _aTraité général theorique et pratique des sociétés civiles et commerciales (avec formules) /
_cpar C. Houpin.
250 _a4ème ed.
260 _aParis :
_b[s.n.,
_c1912] (
_fL. Maretheux)
300 _a2 v. ;
_c25 cm.
852 _aES-MaACL
_jF-7757-7758
999 _c80751
_d80751